Systém řízení motoru Motronic : Řízení zážehového motoru

Na minha lista:
Detalhes bibliográficos
Formato: Livro
Idioma:tcheco
Publicado em: Praha : Robert Bosch, 1999
Edição:1. vyd.
Tags: Adicionar Tag
Sem tags, seja o primeiro a adicionar uma tag!

MARC

LEADER 00000nam a22000003a 4500
001 stu51305
005 20150408180110.3
008 991213s1999----xr------------------cze-d
022 |a 80902585 
040 |a STU  |b slo 
041 0 |a cze 
044 |a xr 
080 |a 621.43 
245 |a Systém řízení motoru Motronic :  |b Řízení zážehového motoru 
250 |a 1. vyd. 
260 |a Praha :  |b Robert Bosch,  |c 1999 
300 |a 64 s 
996 |c J*96241  |l JJK9  |s P  |a 0  |w stu51305_0001 
996 |c J*96242  |l JJK9  |s P  |a 0  |w stu51305_0002 
996 |c J*96243  |l JJK9  |s P  |a 0  |w stu51305_0003 
996 |c J*96245  |l JJK9  |s P  |a 0  |w stu51305_0004 
996 |c J*96244  |l JJK9  |s P  |a 0  |w stu51305_0005